000 00442nam a2200181Ia 4500
001 16069
005 20260306170242.0
008 260306t2004||||xx |||||||||||||| ||und||
041 _aESP
082 _a346.6
_bF43
100 _aFerri, Luigi
_eAUT
245 0 _aLecciones sobre el contrato:
_bcurso de derecho civil
260 _c2004
300 _a327 páginas :
_c24 cm.
650 _aGEN
654 _aCDE
942 _cLIB
_dJUS
_fJUS
_2ddc
_n
999 _c16069
_d16069